000 00633nam a2200241Ia 4500
003 OSt
005 20221007100930.0
006 a|||||r|||| 00| 0
007 ta
008 221006b |||||||| |||| 00| 0 eng d
024 _a5,476
037 _cTextual
040 _aLCO
_cLCO
_beng
041 _2eng
_aeng
082 _aV2,3:3, K4
100 _aINDIA LAW INSTITUTE
_9702312
245 0 _aDelegated legislation in India
260 _aBombay
_bN M Tripathi
_c1964
300 _a253
650 _aINDIA LEGISLATION
_9702313
942 _hV2,3:3, K4
_cTEXL
999 _c1175039
_d1175039